000 01626nam a2200205Ia 4500
003 OSt
005 20251210130139.0
008 201216b2016 ||||| |||| 00| 0 eng
040 _cNLS
100 _aAvantika Gode
245 0 _aEnvironmental Goods And Services For Sustainable Public Procurement In India:
_bWto’s Gpa Vs Public Procurement Bill, 2012
260 _aBangalore
_bNLSIU
_c2016
300 _a49p
505 _aContents Chapter I: Introduction; 1.1 Rationale for Research; 1.2 Chapter Plan; Chapter 2: Background; 2.1 Public Procurement; 2.2 Sustainable Public Procurement; 2.3 Environmental Goods and Services; 2.4 Policy Overview; 2.4.1 Public Procurement Bill, 2012; 2.4.2 WTO·s Governmental Procurement Agreements; 2.4.3 The possibility of Protectionism under GPA; 2.4.4 Bilateral Agreements; Chapter 3: Research Methods and Design; 3.1 Research Type; 3.1.1. A Mixed Method Approach; 3.1.2 Exploratory; 3.1.3 Policy-Oriented Research; 3.2 Research Objective; 3. 3 Research Question; Chapter 4: TYPES OF DATA; 4.1 Primary Data; 4.2 Research Tools; 4.3 Literature Review; 4.4 Online Sources; 4.5 Interviews; 4.6 Case Studies; Chapter 5: ANALYSIS; 5.1 Interviews; 5.2 Level 1: Concepts; 5.3 Level 3: Institutions; 5.4 Level 4: Tools; 5.5 Policy Intent; Chapter 6: Conclusion; G.1 Answer to Research Questions; 6.2 Policy Insights; 6.3 Conclusions.
650 _aEnvironmental Goods & Services
650 _aSustainable Public Procurement - India
700 _aProf. Rupa Chanda - Guide
856 _uhttps://dans.nls.ac.in/handle/123456789/136
942 _cDIS
_2ddc
999 _c114833
_d114833